| 000 | 01302nam a22003497a 4500 | ||
|---|---|---|---|
| 001 | 97 | ||
| 003 | FISKH | ||
| 005 | 20250828130703.0 | ||
| 008 | 230223b cb ||||| |||| 00| 0 eng d | ||
| 010 | _a 2009034284 | ||
| 020 | _a9780761352556 (lib. bdg. : alk. paper) | ||
| 040 |
_aDLC _cDLC _dDLC _beng |
||
| 042 | _alcac | ||
| 050 | 0 | 0 |
_aPZ7.R145 _bRu 2010 |
| 082 | 0 | 0 |
_a398.2 _222 |
| 100 | 1 | _aRamsey, Calvin A. | |
| 245 | 1 | 0 |
_aRuth and the Green Book / _cCalvin Alexander Ramsey with Gwen Strauss ; illustrations by Floyd Cooper. |
| 260 |
_aMinneapolis, MN : _bCarolrhoda Books, _cc2010. |
||
| 300 |
_a15 leaves of plates _bcol. ill. ; _c29 cm. |
||
| 505 | _aM | ||
| 520 | _aWhen Ruth and her parents take a motor trip from Chicago to Alabama to visit her grandma, they rely on a pamphlet called "The Negro Motorist Green Book" to find places that will serve them. Includes facts about "The Green Book." | ||
| 521 | 8 |
_a700
_bLexile |
|
| 521 | 8 |
_aM
_bRaz-Plus |
|
| 650 | 1 |
_aSegregation _vFiction. |
|
| 650 | 1 |
_aAfrican Americans _vFiction. |
|
| 650 | 1 |
_aAutomobile travel _vFiction. |
|
| 651 | 1 |
_aSouthern States _xHistory _y20th century _vFiction. |
|
| 700 | 1 | _aStrauss, Gwen. | |
| 700 | 1 |
_aCooper, Floyd, _eill. |
|
| 906 |
_a7 _bcbc _corignew _d1 _eecip _f20 _gy-gencatlg |
||
| 942 |
_2ddc _cBK _n0 |
||
| 999 |
_c97 _d97 |
||